000 01639cam a2200457 a 4500
001 21596
003 VRT
005 20260306134429.0
008 220107s2004 xo a b 000 p slo
015 _aSNBA2005/06-02091
020 _a8080642206
_q(viazané)
035 _aurn:nbn:sk:snk-am00g3v0
035 _aurn:nbn:sk:snk-am3iyff
035 _aD5FA82BC-8C0A-4C72-87B5-896D83F50FB9
039 9 _a202202151359
_bmsnk04
_c202201070939
_dVLOAD
_c202201051625
_dVLOAD
_c202108180838
_dmsnk115
040 _aSNK
_bslo
_cSNK
_eAACR2
041 0 _aslo
044 _axo
_cSK
072 7 _a821.162.4-1
_xSlovenská poézia
_2konspekt
072 7 _a821-93
_xLiteratúra pre deti a mládež
_2konspekt
080 _a821-93
_21997
080 _a(0:82-193)
_21997
080 _a821.162.4-1
_21997
100 1 _aMišíková, Ivona
_4aut
245 1 0 _aMyška v knižke a iné básničky a rapotačky
_cIvona Mišíková ; ilustrácie Ján Vrabec
250 _a[1. vyd.]
260 _aŽilina
_bKnižné centrum
_c2004
300 _a21 strán
_bfarebné ilustrácie
_c25 cm
500 _aFarebné ilustrácie na titulnej strane a frontspice
655 7 _aslovenská poézia
_2SNKPH
655 7 _ariekanky
_2SNKPH
655 7 _apoézia pre deti
_2SNKPH
655 7 _aliteratúra pre deti
_2SNKPH
700 1 _aVrabec, Ján,
_d1959-
_4ill
910 _asnk
942 _2ddc
_cKLDE
_n0
949 _6270001000259209
_asvkbbB 36437
_bsvkbbm 660876
_oTL;
949 _6273K0476085
_asvkpoB 74763
_bsvkpo478574
949 _617A0457687
_asnkSC 118887
_bsnk2005/2052
_o181/05
_s6100:20210727
949 _617A0457688
_asnkSC 118887 D1
_bsnk2005/2053
_o181/05
999 _c21596
_d21596